| 000 | 01416nam a22002297a 4500 | ||
|---|---|---|---|
| 999 |
_c6714 _d6714 |
||
| 003 | GBCCL | ||
| 005 | 20241126110609.0 | ||
| 008 | 180525b ||||| |||| 00| 0 eng d | ||
| 020 | _a9781565632066 | ||
| 020 | _a1565632060 | ||
| 040 | _cGBC | ||
| 082 |
_a220.44 _bBRO |
||
| 100 |
_aBrown, Francis _912007 |
||
| 245 |
_aThe Brown, Driver, Briggs Hebrew and English lexicon : _bwith an appendix containing the Biblical Aramaic : coded with the numbering system from Strong's Exhaustive concordance of the Bible/ _c Francis Brown; S R Driver; Charles A Briggs; Edward Robinson; James Strong; |
||
| 260 |
_aPeabody, Mass. : _bHendrickson Publishers, _c2015, 1906 |
||
| 300 | _axxi, 1204 pages ; 25 cm | ||
| 505 | _a"Based on the lexicon of William Gesenius, as translated by Edward Robinson; and edited with constant reference to the thesaurus of Gesenius as completed by E. Rödiger, and with authorized use of the latest German editions of Gesenius' Handwörterbuch über das Alte Testament." "Dr. Yael Avrahami of the University of Haifa has prepared two indexes of verbal roots, both Hebrew and Aramaic. These indexes, added to the 2010 printing of the BDB ... are located on p. 1177 and p. 1201 respectively." | ||
| 650 |
_aBible. -- Old Testament -- Dictionaries. _912008 |
||
| 650 |
_aBible. -- Old Testament. _910118 |
||
| 650 |
_aHebrew language -- Dictionaries -- English. _912009 |
||
| 942 |
_2ddc _cREF |
||